000 01513nam0a2200337 4500
001 RU\NLR\bibl\1110109
005 20250615061234.0
010 _a978-5-09-015870-1
_910000
021 _aRU
_b2007-38638
_92068
035 _a(NLR Aleph) 001097157
090 _a1155153
_c1155153
100 _a20070716d2007 |||y0rusy50 ca
101 0 _arus
102 _aRU
105 _aa |||||||||
200 1 _aПодготовка к обучению письму
_eпособие для детей старшего дошкольного возраста
_fТ.И. Гризик
210 _aМосква
_cПросвещение
_d2007
215 _a47 с.
_cцв. ил.
_d29
225 1 _aСкоро в школу
606 1 _aКисть руки детей
_jРуководства, пособия и т.п.
_xПодготовка к письму
_92164526
_3RU\NLR\AUTH\6601539358
606 1 _aКисть руки у детей
_jРуководства, пособия и т.п.
_xПодготовка к письму
_92093559
_3RU\NLR\auth\661266928
606 1 _aДошкольники
_jРуководства, пособия и т.п.
_xОбучение ориентированию в пространстве
_92364589
_3RU\NLR\auth\661411765
686 _aЧ411.389я7
700 1 _aГризик
_bТ. И.
_gТатьяна Ивановна
_4070
801 0 _aRU
_bNLR
_c20070716
_gRCR
801 1 _aRU
_bNLR
_c20070716
830 _aПО КН.
942 _cBOOK
980 _aNB